000 00497nam a2200181Ia 4500
005 20250508152211.0
008 008 250505s9999 xx 000 0 eng d
037 _aTextual
040 _aFEDL
_beng
_cFEDL
041 _aeng
_2eng
084 _a364.153, YOU
_qFEDL
100 _aYoung Leontine
_9134921
245 0 _aOut of wedlock
260 _aNew York, USA
_bMcGraw Hill Book Company
_c1954
300 _a260p.
942 _cTEXL
_h364.153, YOU
999 _c1334927
_d1334927